000 00234nam a22001097a 4500
003 OSt
008 241231b |||||||| |||| 00| 0 eng d
041 _aeng
082 _a690
245 _aText Book of Building Construction
942 _cBK
999 _c18784
_d18784